| 000 | 01438nam a2200361 a 4500 | ||
|---|---|---|---|
| 001 | ebr10280014 | ||
| 003 | CaPaEBR | ||
| 006 | m u | ||
| 007 | cr cn||||||||| | ||
| 008 | 070323s2007 wiu s s000 j eng c | ||
| 010 | _z 2007011784 | ||
| 020 | _z0299223604 (cloth : alk. paper) | ||
| 020 | _z0299223647 (pbk. : alk. paper) | ||
| 040 |
_aCaPaEBR _cCaPaEBR |
||
| 035 | _a(OCoLC)318240520 | ||
| 041 | 1 |
_aeng _hspa |
|
| 043 | _as-ck--- | ||
| 050 | 1 | 4 |
_aPQ8173 _b.F55 2007eb |
| 082 | 0 | 4 |
_a863/.01089861 _222 |
| 245 | 0 | 4 |
_aThe flight of the condor _h[electronic resource] : _bstories of violence and war from Colombia / _ctranslated and compiled by Jennifer Gabrielle Edwards ; foreword by Hugo Chaparro Valderrama. |
| 260 |
_aMadison, Wis. : _bUniversity of Wisconsin Press, _cc2007. |
||
| 300 | _axxvii, 156 p. | ||
| 490 | 1 | _aThe Americas | |
| 533 |
_aElectronic reproduction. _bPalo Alto, Calif. : _cebrary, _d2013. _nAvailable via World Wide Web. _nAccess may be limited to ebrary affiliated libraries. |
||
| 650 | 0 | _aShort stories, Colombian. | |
| 650 | 0 |
_aColombian fiction _y21st century. |
|
| 650 | 0 |
_aViolence _vFiction. |
|
| 655 | 7 |
_aElectronic books. _2local |
|
| 700 | 1 | _aEdwards, Jennifer Gabrielle. | |
| 710 | 2 | _aebrary, Inc. | |
| 830 | 0 | _aAmericas (Madison, Wis.) | |
| 856 | 4 | 0 |
_uhttp://site.ebrary.com/lib/rucke/Doc?id=10280014 _zAn electronic book accessible through the World Wide Web; click to view |
| 999 |
_c4008 _d4008 |
||